Cidades que recebem voos da LATAM Brasil - Statistics

Estatísticas Gerais
  • Esse quiz foi jogado 22 vezes
  • A pontuação média é 60 de 81
Estatísticas das Respostas
País Cidade (aeroporto) % Correto
Paraguai Assunção
100%
Colômbia Bogotá
100%
Brasil Brasília
100%
Argentina Buenos Aires-Aeroparque
100%
Argentina Buenos Aires-Ezeiza
100%
Brasil Aracaju
95%
Brasil Belém
95%
Brasil Belo Horizonte-Confins
95%
México Cidade do México
95%
Brasil Florianópolis
95%
Portugal Lisboa
95%
Reino Unido Londres-Heathrow
95%
Espanha Madri
95%
Brasil Manaus
95%
Estados Unidos Miami
95%
Brasil Rio de Janeiro-Galeão
95%
Brasil Rio de Janeiro-Santos Dumont
95%
Brasil São Luís
95%
Espanha Barcelona
90%
Brasil Campinas
90%
Brasil Curitiba
90%
Brasil Goiânia
90%
Peru Lima
90%
Uruguai Montevidéu
90%
Estados Unidos Nova York-JFK
90%
Brasil Palmas
90%
França Paris-Charles de Gaulle
90%
Brasil Porto Alegre
90%
Brasil Recife
90%
Itália Roma-Fiumicino
90%
Brasil São Paulo-Congonhas
90%
Brasil São Paulo-Guarulhos
90%
Brasil Vitória
90%
Brasil Campo Grande
85%
Brasil João Pessoa
85%
Estados Unidos Los Angeles
85%
Brasil Macapá
85%
Brasil Rio Branco
85%
Brasil Teresina
85%
Brasil Boa Vista
80%
Brasil Cuiabá
80%
Brasil Fortaleza
80%
Brasil Maceió
80%
Itália Milão-Malpensa
80%
Chile Santiago
80%
Brasil Porto Velho
75%
Brasil Ribeirão Preto
75%
Brasil Salvador
75%
Estados Unidos Boston
70%
Alemanha Frankfurt
70%
Brasil Natal
70%
Brasil Uberlândia
70%
Brasil Ilhéus
65%
África do Sul Joanesburgo-O. R. Tambo
65%
Brasil Joinville
65%
Brasil Londrina
65%
Brasil Navegantes
65%
Estados Unidos Orlando
65%
Brasil Chapecó
60%
Brasil Criciúma / Jaguaruna
60%
Brasil Porto Seguro
55%
Brasil São José do Rio Preto
55%
Brasil Caxias do Sul
50%
Brasil Marabá
50%
Brasil Maringá
50%
Argentina Mendoza
50%
Argentina San Carlos de Bariloche
50%
Brasil Imperatriz
45%
Brasil Pelotas
45%
Brasil Petrolina
45%
Brasil Santarém
45%
Brasil Vitória da Conquista
45%
Brasil Cascavel
40%
Brasil Foz do Iguaçu
40%
Brasil Juazeiro do Norte
40%
Brasil Montes Claros
40%
Brasil Fernando de Noronha
35%
Brasil Passo Fundo
30%
Brasil Sinop
30%
Brasil Jijoca de Jericoacoara
20%
Brasil Dourados
15%
Nenhum quiz correspondente encontrado
Distribuição das Pontuações
Porcentagem de Pessoas com Cada Pontuação
Percentil de Números Respondidos
Sua Pontuação Histórica
Você não jogou esse quiz